Filosofia do cérebro

Gardado en:
Detalles Bibliográficos
Autor Principal: Teixeira, Joao de Fernandes (Author)
Formato: Libro
Idioma:portugués
Publicado: Sao Paulo Paulus 2012
Edición:1a. ed
Series:Como Ler Filosofia
Subjects:
Tags: Engadir etiqueta
Sen Etiquetas, Sexa o primeiro en etiquetar este rexistro!

MARC

LEADER 00000cam a2200000 a 4500
001 UCF2876
003 CL-VaPUC
008 120910e20120000BL |||||||||||||||||por|d
020 |a 9788534933322 
082 0 4 |a 126  |b TEI  |2 21 
100 0 |a Teixeira, Joao de Fernandes  |e author  |9 564713 
245 1 0 |a Filosofia do cérebro 
250 |a 1a. ed 
300 |a 93 p 
942 |c BK 
945 |d 20120910 00:00:00  |a dcastane 
260 |a Sao Paulo  |b Paulus  |c 2012 
650 0 |a Conciencia  |9 309452 
650 0 |a Fenomenología  |9 256519 
650 0 |a Neurociencias  |9 424346 
650 0 |a Cognición   |9 270347 
583 |a last modification  |c 20120910 11:39:00  |k Rodrigo Vera 
490 0 |a Como Ler Filosofia 
999 |c 349414  |d 349412 
952 |0 0  |1 0  |4 0  |6 126_000000000000000_TEI_2012  |7 0  |8 A  |9 452025  |a BIBEDU  |b BIBEDU  |d 2019-11-22  |i 4902661  |o 126 TEI 2012  |p 4902661  |r 2019-11-22  |w 2019-11-22  |y BK  |k FIL